NLSUI OPAC header image

The Impossible Indian : (Record no. 210853)

MARC details
000 -LEADER
fixed length control field 01467cam a2200337 a 4500
001 - CONTROL NUMBER
control field 17311911
003 - CONTROL NUMBER IDENTIFIER
control field OSt
005 - DATE AND TIME OF LATEST TRANSACTION
control field 20220308161511.0
008 - FIXED-LENGTH DATA ELEMENTS--GENERAL INFORMATION
fixed length control field 120521s2012 mau b 001 0beng
010 ## - LIBRARY OF CONGRESS CONTROL NUMBER
LC control number 2012019637
020 ## - INTERNATIONAL STANDARD BOOK NUMBER
International Standard Book Number 9780674066724 (cloth : alk. paper)
040 ## - CATALOGING SOURCE
Original cataloging agency DLC
Transcribing agency DLC
042 ## - AUTHENTICATION CODE
Authentication code pcc
043 ## - GEOGRAPHIC AREA CODE
Geographic area code a-ii---
050 00 - LIBRARY OF CONGRESS CALL NUMBER
Classification number DS481.G3
Item number D4465 2012
082 00 - DEWEY DECIMAL CLASSIFICATION NUMBER
Classification number 954.035092 DEV
-- B
Edition number 23
100 1# - MAIN ENTRY--PERSONAL NAME
Personal name Devji, Faisal.
245 14 - TITLE STATEMENT
Title The Impossible Indian :
Remainder of title Gandhi and the Temptation of Violence /
Statement of responsibility, etc. Faisal Devji.
260 ## - PUBLICATION, DISTRIBUTION, ETC.
Place of publication, distribution, etc. Cambridge, Mass. :
Name of publisher, distributor, etc. Harvard University Press,
Date of publication, distribution, etc. 2012.
300 ## - PHYSICAL DESCRIPTION
Extent ix, 213 ;
Dimensions 25 cm.
365 ## - TRADE PRICE
Price amount 3344
505 0# - FORMATTED CONTENTS NOTE
Formatted contents note Acknowledgements<br/>Introduction;<br/>1. Bastard History;<br/>2. A Nation Misplaced;<br/>3. In Praise of Prejudice;<br/>4. Brothers in Arms;<br/>5. Hitler’s Conversion;<br/>6. Leaving India to Anarchy;<br/>Conclusion;<br/>Notes;<br/>Index<br/><br/>
600 10 - SUBJECT ADDED ENTRY--PERSONAL NAME
Personal name Gandhi,
Titles and other words associated with a name Mahatma,
Dates associated with a name 1869-1948
General subdivision Philosophy.
600 10 - SUBJECT ADDED ENTRY--PERSONAL NAME
Personal name Gandhi,
Titles and other words associated with a name Mahatma,
Dates associated with a name 1869-1948
General subdivision Political and social views.
650 #0 - SUBJECT ADDED ENTRY--TOPICAL TERM
Topical term or geographic name entry element Statesmen
Geographic subdivision India
Form subdivision Biography.
651 #0 - SUBJECT ADDED ENTRY--GEOGRAPHIC NAME
Geographic name India
General subdivision History
Chronological subdivision Sepoy Rebellion, 1857-1858
General subdivision Influence.
856 ## - ELECTRONIC LOCATION AND ACCESS
Materials specified Table of Contents
Uniform Resource Identifier <a href="https://www.google.co.in/books/edition/The_Impossible_Indian/pwtpbcYMUHAC?hl=en&gbpv=1&printsec=frontcover">https://www.google.co.in/books/edition/The_Impossible_Indian/pwtpbcYMUHAC?hl=en&gbpv=1&printsec=frontcover</a>
906 ## - LOCAL DATA ELEMENT F, LDF (RLIN)
a 7
b cbc
c orignew
d 1
e ecip
f 20
g y-gencatlg
942 ## - ADDED ENTRY ELEMENTS (KOHA)
Source of classification or shelving scheme Dewey Decimal Classification
Koha item type BOOKs
Holdings
Withdrawn status Lost status Source of classification or shelving scheme Materials specified (bound volume or other part) Damaged status Not for loan Home library Current library Shelving location Date acquired Source of acquisition Cost, normal purchase price Total Checkouts Total Renewals Full call number Barcode Date last seen Date last checked out Price effective from Koha item type
    Dewey Decimal Classification HB     NLS NLS General Stacks 08/03/2022 Purchased 3344.00 1 1 954.035092 DEV 38629 13/07/2025 20/03/2025 08/03/2022 BOOKs
    Dewey Decimal Classification HB     NLS NLS General Stacks 07/09/2022 Purchased 3312.00     954.035092 DEV-2 38852 07/09/2022   07/09/2022 BOOKs